MDQL
is popping MORE tags! Check the
thread
!
Quizzes
Events
Quiz Creation
Community
Videos
Private Events
Remove Ads
Sign In
Join for FREE
Feedback
Dark Mode
Quiz Categories
Sports
Geography
Music
Movies
Television
Just For Fun
Miscellaneous
History
Literature
Language
Science
Gaming
Entertainment
Religion
Holiday
For Kids
Quiz Lab
Recent
Popular Today
Quiz Kudos Today
Editor Picks
Curator Picks
Quizzes by...
Day
Popularity
Type
Ratings
Length
Year
Community
Subscriptions
Recent Discussions
Orange Saloon
Badges
Playlists
Quests
Create
Leaderboards
Showdown
Live 5
Trivia Bingo
Activity
Puzzle Library
Sporcle Events
Private Events
Virtual Trivia
Globe League
Become a Host
Pub Owners
SporcleCon
Opinionation
Our Games
Videos
Blog
Mobile Apps
Partnerships
Remove Ads and Go Orange
Feedback
Geography
Country
Landmarks
City
State
Population
World
Capital
Continent
Flags
Europe
Africa
Asia
South America
North America
Oceania
Border
Canada
United Kingdom
Topography
United States
Geography
Country
Landmarks
City
State
Population
World
Capital
Continent
Flags
Europe
Africa
Asia
South America
North America
Oceania
Border
Canada
United Kingdom
Topography
United States
Random Quiz
Search Sporcle
×
Quiz Lab
Quiz Lab
Geography
Type in answers that appear in a list
Type in answers that appear in a list
Classic
Best Score? Go Orange.
US Import Stats Stats
Can you name the Countries the US imports the following items from?
By
Hansi
7m
150 Questions
497 Plays
497 Plays
497 Plays
Comments
Comments
Give Quiz Kudos
Give Quiz Kudos
-
- Ratings
hide this ad
More Info
Replay
Link that replays current quiz
Next Quiz
Link to next quiz in quiz playlist
You Got
0%
They Got
Avg Score
82%
Avg Friend Score
Upgrade to see
Score Distribution
Jump to the score distribution portion of the page
Score
0/150
Timer
07:00
0
Plays Today
% Correct
Mexico
98.4%
Mexico
98.4%
Mexico
98.4%
Mexico
98.4%
Mexico
98.4%
Mexico
98.4%
Mexico
98.4%
Mexico
98.4%
Mexico
98.4%
Mexico
98.4%
Mexico
98.4%
China
98.2%
China
98.2%
China
98.2%
China
98.2%
China
98.2%
China
98.2%
China
98.2%
China
98.2%
Brazil
96.6%
Brazil
96.6%
Brazil
96.6%
Brazil
96.6%
Brazil
96.6%
Italy
96%
Italy
96%
Italy
96%
Italy
96%
Italy
96%
Canada
95.4%
Canada
95.4%
Canada
95.4%
Canada
95.4%
Canada
95.4%
Canada
95.4%
Canada
95.4%
Canada
95.4%
France
95.2%
France
95.2%
France
95.2%
Argentina
94.6%
Argentina
94.6%
Argentina
94.6%
Argentina
94.6%
Argentina
94.6%
Argentina
94.6%
Argentina
94.6%
Argentina
94.6%
India
94%
India
94%
% Correct
Japan
94%
Japan
94%
India
94%
Japan
94%
India
94%
United Kingdom
93.8%
United Kingdom
93.8%
Australia
93.6%
Australia
93.6%
Australia
93.6%
Australia
93.6%
Chile
92.8%
Chile
92.8%
Germany
92.8%
Chile
92.8%
Chile
92.8%
Germany
92.8%
Chile
92.8%
Chile
92.8%
Germany
92.8%
Chile
92.8%
Spain
92.2%
Spain
92.2%
Spain
92.2%
New Zealand
89.3%
New Zealand
89.3%
New Zealand
89.3%
New Zealand
89.3%
New Zealand
89.3%
Colombia
88.7%
Colombia
88.7%
Colombia
88.7%
South Africa
85.7%
South Africa
85.7%
Greece
85.3%
Indonesia
84.1%
Indonesia
84.1%
Indonesia
84.1%
Indonesia
84.1%
Indonesia
84.1%
Indonesia
84.1%
South Korea
83.1%
Panama
81.3%
Panama
81.3%
Turkey
80.5%
Turkey
80.5%
Costa Rica
77.9%
Honduras
77.9%
Costa Rica
77.9%
Honduras
77.9%
% Correct
Costa Rica
77.9%
Costa Rica
77.9%
Pakistan
76.7%
Ireland
76.1%
Guatemala
75.7%
Guatemala
75.7%
Guatemala
75.7%
Guatemala
75.7%
Ecuador
75.3%
Ecuador
75.3%
Ecuador
75.3%
Ecuador
75.3%
Thailand
73.8%
Thailand
73.8%
Thailand
73.8%
Iran
73.2%
Iran
73.2%
Poland
73.2%
Netherlands
72.8%
Netherlands
72.8%
Philippines
72.6%
Philippines
72.6%
Nicaragua
72%
Nigeria
70%
Israel
67.4%
Israel
67.4%
Jamaica
64.2%
Jamaica
64.2%
Denmark
63.6%
Belgium
63.2%
Belize
61.6%
Algeria
58.1%
Switzerland
57.7%
Taiwan
56.3%
Taiwan
56.3%
Ghana
49.3%
Ghana
49.3%
Sri Lanka
48.5%
Madagascar
48.3%
Madagascar
48.3%
Côte d'Ivoire
46.3%
Tunisia
44.5%
Tunisia
44.5%
Czech Republic
42.7%
Singapore
41.4%
United Arab Emirates
39.6%
Papua New Guinea
36.4%
Bulgaria
34.6%
Uganda
27.6%
Comoros
14.7%
Quiz Playlist
Details
Report
Send in Message
Add To Playlist
More Info:
Crop and livestock quantities are given in tonnes. Extra column represents quantities. Stats from 2005
Classic:
Type in answers that appear in a list
Quiz Source
Last Updated: Feb 16, 2017
Quiz Scoreboard
CHALLENGE
Sign Up to Join the Scoreboard
Show All
Scores
Hide
Comments
May contain spoilers
Recently Published
1-10 Letter E Words III
by El_Dandy
Language
2m
Street Fighter Characters
by Artimus82
Gaming
60s
College Basketball Coaching Resumes
by pancakes188
Sports
9m
More to Explore
Quiz From the Vault
Featured Blog Post
Where Did the Easter Bunny Come From?
hide this ad
You Might Also Like...
Tags
This quiz does not have any tags.
Today's Top Quizzes in Geography
Browse Geography
hide this ad
Top Contributed Quizzes in Geography
1
Countries of the World - No Outlines Minefield
2
Top 25 Cities of France on a map
3
Any capital of a 'B' country per Continent
4
Any capital of a 'C' country per Continent
5
Closest Countries to UK A-Z
6
Any capital of a 'D' country per Continent
7
5-to-1: US Geography No Hints
8
Any capital of an 'E' country per Continent
9
Find the US States - No Outlines
10
Any capital of an 'F' country per Continent
Explore More
Trending Topics
Marvel
Crossword
NBA
Harry Potter
Anime
Kpop
Disney
Soccer
Song
Pokémon
Country
Puzzle
The Office
WWE
NFL
hide this ad
More By:
Hansi
Quiz
Plays
Rating
Category
Featured
Created
Formula 1 2000-2009
12,114
4.11
Sports
Mar 14, 2010
Movie Common Bonds 2
2,215
4.00
Movies
Apr 14, 2010
Movie Common Bonds 3
1,896
4.10
Movies
Apr 15, 2010
Movie Common Bonds
1,431
4.20
Movies
Apr 14, 2010
World Export Stats
1,404
4.59
Geography
Mar 12, 2010
Go to Creator's Profile
Score Distribution
Quiz Creator Spotlight
Hansi
Follow
Send a Message
Quizzes Created
-
Created Quiz Play Count
-
More By This Creator
Popular Quizzes Today
1
Find the US States - No Outlines Minefield
2
Find the Countries of Europe - No Outlines Minefield
3
The Countries of the World
4
Find the US States
5
Risky Map Clicking: Biggest States A-Z
6
US States
7
Popular People in 1961
8
Movies - When Are They Set?
More Geography Quizzes
Least Populated Neighbors
Published
Trending Quizzes
Risky Map Clicking: Least Populous States A-Z
1-10 Letter G Words
USA Borders Longest to Shortest
1-10 Letter F Words
Countries of the World: 200 Million BC
Recently Updated
Leaping Animals
pecheneg
Reality TV Shows (A-Z)
bhenderson79
Rickey Henderson's Hall of Fame Teammates
pecheneg
Champions League XIs: Arsenal
pecheneg
Quick Pick: Celebrities in WWE's Hall of Fame
aduchscher
A-Z Keypad Blitz II
pecheneg
Multiple Oscar Actors
pecheneg
Mystery Phrase Blitz: Oscar 'Best Actors'
pecheneg
F. Scott Fitzgerald Novels
LTH
Pick 3 Villains
ddd62291
Trending Topics
Harry Potter
Disney
Kpop
Anime
Marvel
Crossword
NBA
Country
Pokémon
NFL
WWE
Soccer
The Office
Puzzle
Song
Your Account Isn't Verified!
In order to create a playlist on Sporcle, you need to verify the email address you used during registration. Go to your
Sporcle Settings
to finish the process.
Report this User
Report this user for behavior that violates our
Community Guidelines
.
Details:
Send Report
Go to the Sporcle.com Mobile Site →
Comments